| 000 | 00487nam a2200181Ia 4500 | ||
|---|---|---|---|
| 008 | 240925s9999 xx 000 0 und d | ||
| 020 | _a9781259026669 | ||
| 082 | _a300.72 JHA | ||
| 100 | _aJha, Avdhesh S. | ||
| 245 | 0 | _aSocial Research Methods | |
| 250 | _aNA | ||
| 260 |
_aNew Delhi: _bMcGraw Hill Education (India) Private Limited _c,2014. |
||
| 300 |
_a244p. _b0 _fOriginal |
||
| 500 | _aIncludes Index | ||
| 600 | _aSocial Sciences | ||
| 650 | _aSocial Sciences | ||
| 942 | _cBK | ||
| 999 |
_c16429 _d16429 |
||